[Event "Mittelrhein Verbandsliga-W 15/16"]
[Site "Nordrheinwestfalen"]
[Date "2016.02.21"]
[Round "8.5"]
[White "Van Schyndel, Andreas"]
[Black "Pingen, Peter"]
[Result "1/2-1/2"]
[WhiteElo "1752"]
[BlackElo "1753"]
[PlyCount "44"]
[EventDate "2015.09.06"]
[EventType "team-tourn"]
[EventRounds "11"]
[EventCountry "GER"]
[SourceTitle "EXT 2022"]
[Source "ChessBase"]
[SourceDate "2021.10.06"]
[SourceVersion "1"]
[SourceVersionDate "2021.10.06"]
[SourceQuality "1"]
[WhiteTeam "Bruehl II"]
[BlackTeam "Dueren Derichsweiler"]
[WhiteTeamCountry "GER"]
[BlackTeamCountry "GER"]

1. d4 d5 2. c4 e6 3. Nc3 Be7 4. Qc2 Nf6 5. cxd5 exd5 6. Bg5 c6 7. e3 0-0 8. Bd3 h6 9. Bh4 Re8 10. Nge2 Nbd7 11. 0-0 Nf8 12. a3 Ne4 13. Bxe7 Qxe7 14. Nxe4 dxe4 15. Bc4 Be6 16. Bxe6 Qxe6 17. Nc3 Ng6 18. b4 a6 19. Qe2 Nh4 20. Qh5 Nf5 21. Rfd1 Rad8 22. Rac1 Ne7 1/2-1/2

[Event "Mittelrhein Verbandsliga-W 15/16"]
[Site "Nordrheinwestfalen"]
[Date "2015.10.18"]
[Round "3.4"]
[White "Van Schyndel, Andreas"]
[Black "Esser, Franz Josef"]
[Result "0-1"]
[WhiteElo "1752"]
[BlackElo "2072"]
[PlyCount "70"]
[EventDate "2015.09.06"]
[EventType "team-tourn"]
[EventRounds "11"]
[EventCountry "GER"]
[SourceTitle "EXT 2022"]
[Source "ChessBase"]
[SourceDate "2021.10.06"]
[SourceVersion "1"]
[SourceVersionDate "2021.10.06"]
[SourceQuality "1"]
[WhiteTeam "Bruehl II"]
[BlackTeam "Aachen SV II"]
[WhiteTeamCountry "GER"]
[BlackTeamCountry "GER"]

1. d4 Nf6 2. c4 e6 3. Nc3 Bb4 4. f3 d5 5. a3 Bxc3+ 6. bxc3 0-0 7. e3 Re8 8. Bd3 e5 9. cxd5 Nxd5 10. dxe5 Rxe5 11. Kf2 Nc6 12. c4 Nf6 13. Qc2 Re8 14. Bb2 Qe7 15. Re1 Ne5 16. Bxe5 Qxe5 17. e4 Qc5+ 18. Re3 Qxa3 19. Ne2 Qc5 20. Nc3 Bd7 21. Rhe1 g6 22. Kf1 Rad8 23. g4 h5 24. e5 hxg4 25. Bxg6 gxf3 26. Rxf3 Rxe5 27. Rxf6 Rxe1+ 28. Kxe1 Qe7+ 29. Ne4 fxg6 30. Rxg6+ Kh8 31. Qg2 Bf5 32. Rh6+ Bh7 33. Rxh7+ Kxh7 34. Qh3+ Kg7 35. Qg4+ Kf8 0-1